000 00207nam a22000857a 4500
008 170119b xxu||||| |||| 00| 0 eng d
100 _92503
_aSonia.A.etal.
245 _aComputer-4
260 _aNew Delhi
_bN.P.
_c2011
999 _c5572
_d5572